Heavily Indebted Poor Countries (HIPC) Initiative and Multilateral Debt Relief Initiative (MDRI) : Status of Implementation 2009.

This paper updates the status of implementation, impact, and costs of the Enhanced Heavily Indebted Poor Country (HIPC) Initiative and the Multilateral Debt Relief Initiative (MDRI). Debt relief provided under the Initiatives has substantially alleviated debt burdens in recipient countries. Aided by...

Descripció completa

Dades bibliogràfiques
Autor corporatiu: International Monetary Fund
Format: Revista
Idioma:English
Publicat: Washington, D.C. : International Monetary Fund, 2009.
Col·lecció:Policy Papers; Policy Paper ; No. 2009/068
Accés en línia:Full text available on IMF
LEADER 01618cas a2200241 a 4500
001 AALejournalIMF020078
008 230101c9999 xx r poo 0 0eng d
020 |c 5.00 USD 
020 |z 9781498335461 
022 |a 2663-3493 
040 |a BD-DhAAL  |c BD-DhAAL 
110 2 |a International Monetary Fund. 
245 1 0 |a Heavily Indebted Poor Countries (HIPC) Initiative and Multilateral Debt Relief Initiative (MDRI) :   |b Status of Implementation 2009. 
264 1 |a Washington, D.C. :  |b International Monetary Fund,  |c 2009. 
300 |a 1 online resource (62 pages) 
490 1 |a Policy Papers 
500 |a <strong>Off-Campus Access:</strong> No User ID or Password Required 
500 |a <strong>On-Campus Access:</strong> No User ID or Password Required 
506 |a Electronic access restricted to authorized BRAC University faculty, staff and students 
520 3 |a This paper updates the status of implementation, impact, and costs of the Enhanced Heavily Indebted Poor Country (HIPC) Initiative and the Multilateral Debt Relief Initiative (MDRI). Debt relief provided under the Initiatives has substantially alleviated debt burdens in recipient countries. Aided by continued flexibility on the part of IDA and the Fund, substantial progress has been achieved under the Initiatives since the last report, and a number of post-decision-point countries have already benefited from debt relief. 
538 |a Mode of access: Internet 
830 0 |a Policy Papers; Policy Paper ;  |v No. 2009/068 
856 4 0 |z Full text available on IMF  |u http://elibrary.imf.org/view/journals/007/2009/068/007.2009.issue-068-en.xml  |z IMF e-Library